| 000 | 01108nam a22003017i 4500 | ||
|---|---|---|---|
| 003 | EG-GICUC | ||
| 005 | 20260429120952.0 | ||
| 008 | 260429s1924 ge||||fr|||| 000 0 ger d | ||
| 040 |
_aEG-GiCUC _bger _cEG-GiCUC _dEG-GiCUC _erda |
||
| 041 |
_ager _hger |
||
| 082 | 0 | 4 |
_221 _a341.71 _bSC . D |
| 092 | 0 | 4 | _221 |
| 099 | _aLaw 11 341.71 SC . D 1924 | ||
| 100 | 1 |
_aSchwertfeger, Bernhard _eAuthor. |
|
| 245 | 1 | 2 |
_aDie diplomatischen Akten des Auswärtigen Amtes 1871-1914: _bEin Wegweiser durch das große Aktenwerk der deutschen Regierung. _nZweiter Teil: Der neue Kurs / _cVon Bernhard Schwertfeger. |
| 264 | 1 |
_aBerlin; _bDeutsche Verlagsgesellschaft für Politik und Geschichte, _c1924. |
|
| 300 |
_a386 pages : _billustrations, _c24 cm |
||
| 336 |
_2rda content _atext |
||
| 337 |
_2rda media _aComputer |
||
| 338 |
_2rda carrier _aOnline Resource |
||
| 504 | _aBibliography: pages 200-250. | ||
| 546 | _a Text in German | ||
| 650 | 1 |
_aPublic international law _2qrmak |
|
| 651 | 1 | _2qrmak | |
| 856 | 4 | 0 | _uhttps://fll.law.cu.edu.eg/fulltext/bks/B11-06765.pdf |
| 905 | _a31 | ||
| 942 |
_2ddc _cBK _e21 _n0 |
||
| 999 |
_c74161 _d74161 |
||